000 00439nam a2200181Ia 4500
008 090122s9999 xx 000 0 und d
082 _b11274
100 _aRAZMAKKNIM
245 _aRADAR MADE EASY
260 _bMIR
_c1974
300 _a134
501 _a"आर जे करंदीकर, भेट"
600 _aRAZMAKKNIM
630 _aRADAR MADE EASY
700 _aRAZMAKKNIM
730 _aRADAR MADE EASY
942 _cBOOK
999 _c35351
_d35351